000 00352nam a22001457a 4500
003 OSt
005 20160727222345.0
008 160621b xxu||||| |||| 00| 0 eng d
040 _cTEST
100 _9217
_aLeman, K
245 _aThe Birth order book
_bThe Birth order book
260 _aNY
_b Dell
_c1985
300 _aThe Birth order book
942 _2ddc
_cBK
999 _c174
_d174